|
|
|
|
| LEADER |
00000nab a2200000 a 4500 |
| 001 |
vtls010704351 |
| 003 |
SK-MaSNL |
| 005 |
20260304194510.0 |
| 008 |
250709s1959 xo |||||||||||||||||slo| |
| 035 |
|
|
|a (urnnbn)urn:nbn:sk:snk:ar-a03xo0
|
| 035 |
|
|
|a (uuid)40d77708-88c4-48bd-ae79-7d108d6de1a7
|
| 035 |
|
|
|a urn:nbn:sk:snk-ab395g
|
| 040 |
|
|
|a SNKBUCL
|b slo
|c SNKBUCL
|e AACR2
|
| 041 |
0 |
|
|a slo
|
| 044 |
|
|
|a xo
|c SK
|
| 100 |
1 |
|
|a Polóny, V.
|4 aut
|9 1528011
|
| 245 |
1 |
0 |
|a Kábelárske výrobky na hannoverskom veľtrhu 1959
|c V. Polóny, B. Vazan
|
| 700 |
1 |
|
|a Vazan, B.
|4 aut
|9 1152546
|
| 773 |
0 |
|
|t Bulletin VÚKI
|g Roč. 12, č. 4 (1959), s. 199-201
|
| 850 |
|
|
|a Slovenská národná knižnica
|
| 852 |
|
|
|a Slovenská národná knižnica
|
| 958 |
|
|
|a article1
|
| 958 |
|
|
|a OND
|
| 999 |
|
|
|c 3074639
|d 3076569
|